[Event "American Continental 13th"]
[Site "Medellin"]
[Date "2017.06.15"]
[Round "8"]
[White "Ynojosa Aponte, Felix Jose"]
[Black "Kovalyov, Anton"]
[Result "0-1"]
[WhiteElo "2395"]
[BlackElo "2643"]
[PlyCount "212"]
[EventDate "2017.06.10"]
[EventType "swiss"]
[EventRounds "11"]
[EventCountry "COL"]
[SourceTitle "CBM 178 Extra"]
[Source "ChessBase"]
[SourceDate "2017.06.22"]
[SourceVersion "1"]
[SourceVersionDate "2017.06.22"]
[SourceQuality "1"]

1. c4 e6 2. Nc3 Bb4 3. e4 Ne7 4. Nf3 0-0 5. a3 Bxc3 6. dxc3 d6 7. Bd3 Nd7 8. Bc2 b6 9. Qe2 Bb7 10. Bg5 h6 11. Bxe7 Qxe7 12. 0-0-0 a5 13. h4 e5 14. h5 a4 15. Nh4 Nc5 16. Nf5 Qg5+ 17. Kb1 Bc8 18. Ne3 Bd7 19. g3 Rab8 20. Nd5 Qd8 21. f4 Re8 22. f5 f6 23. Bd3 Rf8 24. g4 Bc6 25. Nb4 Qd7 26. Rh2 Kf7 27. Kc2 Ke7 28. Kd2 Ra8 29. Ke3 Ra5 30. Kf3 Kd8 31. Qe3 Kc8 32. Rf2 Kb7 33. Qe2 Ka7 34. Qe3 Nb7 35. Bf1 Nc5 36. Nxc6+ Qxc6 37. Rfd2 Kb7 38. Rd5 Rfa8 39. Be2 Qe8 40. Bf1 Qf7 41. Be2 Qe7 42. Bf1 Rd8 43. Qd2 Rd7 44. Bg2 Ra8 45. Kg3 Rad8 46. Qe2 c6 47. R5d2 Nb3 48. Rd3 Ra8 49. Bf1 Ra5 50. Rf3 Kc7 51. Kh3 Rc5 52. Rf2 Qf7 53. Kh2 Kd8 54. Kh3 Ke7 55. Kh2 Qg8 56. Kg1 Qa8 57. Rh2 Qg8 58. Rf2 Kd8 59. Rh2 Kc7 60. Rf2 Qa8 61. Qc2 Qb7 62. Qe2 Qb8 63. Rh2 Qf8 64. Rf2 Ra5 65. Qe3 Ra8 66. Kh1 Re8 67. Rh2 Qe7 68. Rf2 Qd8 69. Rh2 Rf8 70. Rf2 Qa8 71. Rh2 Qa5 72. Qe2 Qc5 73. Rh3 Rfd8 74. Kh2 Na5 75. Rg3 Rb8 76. Rg2 Nb3 77. Rg3 Qa5 78. Qe3 Rbd8 79. Qe2 d5 80. cxd5 cxd5 81. exd5 Rxd5 82. Qc4+ Kb8 83. Rxd5 Qxd5 84. Qxa4 Nd2 85. Bg2 e4 86. Qb4 Rd6 87. c4 Qe5 88. Kh3 Qd4 89. Qb5 Kc7 90. c5 bxc5 91. Qa5+ Kb7 92. Qb5+ Rb6 93. Qe8 Rxb2 94. Qe7+ Kb6 95. Qxg7 Nf3 96. Bxf3 exf3 97. Rxf3 Rb1 98. Qf7 Rh1+ 99. Kg3 Qe5+ 100. Rf4 Qe3+ 101. Rf3 Qe1+ 102. Rf2 Qg1+ 103. Kf3 Rh3+ 104. Ke2 Qxg4+ 105. Ke1 Qe4+ 106. Kd1 Rh1+ 0-1

[Event "American Continental 13th"]
[Site "Medellin"]
[Date "2017.06.13"]
[Round "6"]
[White "Fier, Alexandr"]
[Black "Kovalyov, Anton"]
[Result "1/2-1/2"]
[WhiteElo "2576"]
[BlackElo "2643"]
[PlyCount "61"]
[EventDate "2017.06.10"]
[EventType "swiss"]
[EventRounds "11"]
[EventCountry "COL"]
[SourceTitle "CBM 178 Extra"]
[Source "ChessBase"]
[SourceDate "2017.06.22"]
[SourceVersion "1"]
[SourceVersionDate "2017.06.22"]
[SourceQuality "1"]

1. d4 Nf6 2. c4 e6 3. Nc3 Bb4 4. Qc2 0-0 5. Nf3 c5 6. dxc5 Qc7 7. Bg5 Bxc5 8. Bxf6 gxf6 9. e3 Nc6 10. Qe4 Ne5 11. Qh4 Be7 12. Nxe5 Qxe5 13. Bd3 h5 14. Be2 Kg7 15. Qxh5 f5 16. Qf3 Rh8 17. 0-0-0 Bf6 18. g4 fxg4 19. Rhg1 Rh4 20. h3 Rb8 21. hxg4 b6 22. g5 Be7 23. Bd3 Bb7 24. Qe2 Bb4 25. Nb5 Bc5 26. Bc2 d5 27. cxd5 Bxd5 28. Nc3 Ba3 29. bxa3 Qxc3 30. Qd3 Qxd3 31. Bxd3 1/2-1/2

[Event "American Continental 13th"]
[Site "Medellin"]
[Date "2017.06.11"]
[Round "3"]
[White "Kovalyov, Anton"]
[Black "Pulvett Marin, Daniel Eduardo"]
[Result "1/2-1/2"]
[WhiteElo "2643"]
[BlackElo "2437"]
[PlyCount "65"]
[EventDate "2017.06.10"]
[EventType "swiss"]
[EventRounds "11"]
[EventCountry "COL"]
[SourceTitle "CBM 178 Extra"]
[Source "ChessBase"]
[SourceDate "2017.06.22"]
[SourceVersion "1"]
[SourceVersionDate "2017.06.22"]
[SourceQuality "1"]

1. c4 e6 2. g3 Nf6 3. Bg2 d5 4. Nf3 c5 5. cxd5 exd5 6. d4 Nc6 7. 0-0 Be7 8. Nc3 0-0 9. dxc5 d4 10. Na4 Bg4 11. a3 Ne4 12. b4 Bf6 13. Bb2 Re8 14. h3 Bxf3 15. exf3 Nc3 16. Bxc3 dxc3 17. Rc1 Qd2 18. b5 Na5 19. f4 Rad8 20. c6 bxc6 21. bxc6 Qxd1 22. Rfxd1 Rxd1+ 23. Rxd1 Rc8 24. Nxc3 Bxc3 25. c7 Bf6 26. Rb1 Nc4 27. Rb8 Nd6 28. Bb7 Rf8 29. Ba6 Be7 30. a4 g6 31. Kf1 Kg7 32. Ke2 Nc8 33. Rxc8 1/2-1/2

[Event "PRO League Pacific"]
[Site "Chess.com INT"]
[Date "2017.01.25"]
[Round "3"]
[White "Kovalyov, Anton"]
[Black "Chirila, Ioan Cristian"]
[Result "1-0"]
[WhiteElo "2647"]
[BlackElo "2533"]
[PlyCount "51"]
[EventDate "2017.01.11"]
[EventType "team-swiss (rapid)"]
[EventRounds "7"]
[EventCountry "USA"]
[SourceTitle "CBM 176 Extra"]
[Source "ChessBase"]
[SourceDate "2017.03.02"]
[SourceVersion "1"]
[SourceVersionDate "2017.03.02"]
[SourceQuality "1"]
[WhiteTeam "Rio Grande Ospreys"]
[BlackTeam "San Jose Hackers"]
[WhiteTeamCountry "USA"]
[BlackTeamCountry "USA"]

1. c4 Nf6 2. Nf3 g6 3. Nc3 d5 4. cxd5 Nxd5 5. Qb3 Nb6 6. d4 Bg7 7. Bf4 Be6 8. Qa3 c5 9. Qxc5 0-0 10. e4 Na6 11. Bxa6 bxa6 12. 0-0 Rc8 13. Qb4 Nc4 14. Rac1 Qb6 15. Qxe7 Rfe8 16. Qh4 f6 17. b3 g5 18. Bxg5 fxg5 19. Nxg5 Nd2 20. Qxh7+ Kf8 21. Nd5 Bxd5 22. Qf5+ Ke7 23. Qxd5 Qg6 24. Qb7+ Kf8 25. Rxc8 Qxg5 26. Rfc1 1-0